| 000 | 00441nam a22001457a 4500 | ||
|---|---|---|---|
| 020 | _a8171771602 | ||
| 082 | _a346.540438 SRI | ||
| 100 | _aSrivastava, J.M. & Mogha's | ||
| 245 |
_aMogha's The Conveyancer Indian & Pakistan / _cJ.M. Srivastava, & Mogha's |
||
| 260 |
_aNew Delhi : _bEastern Law House, _c2016. |
||
| 300 |
_a1001 p. ; _c24 cm. |
||
| 942 |
_2ddc _cBK |
||
| 999 |
_c586934 _d586934 |
||